000 00441nam a2200133Ia 4500
008 220217s9999||||xx |||||||||||||| ||und||
020 _a81-7366-870-1
082 _a005.82 ROG
100 _aRogers, Russ. Miles, Greg. Fuller, Ed. Dykstra, Ted. and Hoa
245 0 _aSecurity assessment: case studies for implementing the NSA I
260 _aShroff publishers and dis. Pvt.
_bMumbai
_c2004
300 _b425
650 _aSECURITY
_92753
999 _c177051
_d177051